banner-ar

تعليم اللغة العربية بين النظرية والتطبيق / (Record no. 30037)

MARC details
000 -الفاتح
حقل البيانات ثابتة الطول 00782nam a2200253Ia 4500
008 - عناصر البيانات ثابتة الطول - معلومات عامة
حقل البيانات ثابتة الطول 140319s9999 xx 000 0 ara d
040 ## - مصدر الفهرسة
وكالة الفهرسة الأصلية GCL /
وكالة النسخ GCL
082 04 - رقم تصنيف ديوى العشرى
رقم التصنيف 372.61
رقم المادة ح ت
100 1# - المدخل الرئيسى - إسم شخصى
الإسم الشخصى حسن شحاته
245 10 - بيان العنوان
العنوان تعليم اللغة العربية بين النظرية والتطبيق /
بيان المسئوليه,etc حسن شحاته
260 ## - PUBLICATION, DISTRIBUTION, ETC. (IMPRINT)
تاريخ النشر أو التوزيع 1993
300 ## - الوصف المادى
التعداد 421
490 ## - بيان السلسلة
عنوان السلسلة
650 04 - المدخل الاضافى بالموضوع-مصطلح موضوعى
مصطلح موضوعي طرق التدريس
650 04 - المدخل الاضافى بالموضوع-مصطلح موضوعى
مصطلح موضوعي النحو
650 04 - المدخل الاضافى بالموضوع-مصطلح موضوعى
مصطلح موضوعي اللغات
650 04 - المدخل الاضافى بالموضوع-مصطلح موضوعى
مصطلح موضوعي اللغة العربية
650 04 - المدخل الاضافى بالموضوع-مصطلح موضوعى
مصطلح موضوعي الصرف
650 04 - المدخل الاضافى بالموضوع-مصطلح موضوعى
مصطلح موضوعي تعليم وتدريس
650 04 - المدخل الاضافى بالموضوع-مصطلح موضوعى
مصطلح موضوعي القراءات والتجويد
650 04 - المدخل الاضافى بالموضوع-مصطلح موضوعى
مصطلح موضوعي قواعد الاملاء والهجاء
942 ## - عناصر المدخل الإضافي( كوها)
مصدر التصنيف او مخطط الترفيف Dewey Decimal Classification
Koha [default] item type كتاب
260 ## - PUBLICATION, DISTRIBUTION, ETC. (IMPRINT)
-- [S.N] :
-- الدار المصرية اللبنانية ،
Holdings
حالة التراجع حالة الفقد حالة تلف ليس للاعارة المكان المؤقت الموقع الحالى تاريخ الاكتساب اجمالي اﻻعارات رقم الطلب الباركود تاريخ اخر مشاهدة تاريخ تفعيل السعر نوع وعاء كوها
        مكتبة القاهرة الكبرى مكتبة القاهرة الكبرى 03/26/2014   372.61\ح ت 69894 03/26/2014 03/26/2014 كتاب
        مكتبة القاهرة الكبرى مكتبة القاهرة الكبرى 03/26/2014   372.61\ح ت 69895 03/26/2014 03/26/2014 كتاب
        مكتبة القاهرة الكبرى مكتبة القاهرة الكبرى 03/26/2014   372.61\ح ت 69896 03/26/2014 03/26/2014 كتاب

Powered By

EGPV